00341nam a2200109Ia 4500008004100000020001500041100002300056245006600079250001100145260005800156300001700214180205s9999 xx 000 0 und d a9814126764 aWeygandt, Jerry J. aManagerial accounting :btools for business decision making / a2nd ed aSan Juan, Metro Manila:bMillennium Books, Inc.c2002 av, 611 pages